[Event "IND-chT 32nd"]
[Site "Panaji"]
[Date "2012.03.04"]
[Round "9"]
[White "Kamble, Vikramaditya"]
[Black "Maheswaran, Palsamy"]
[Result "1/2-1/2"]
[WhiteElo "2458"]
[BlackElo "2292"]
[PlyCount "60"]
[EventDate "2012.02.27"]
[EventType "team-swiss"]
[EventRounds "9"]
[EventCountry "IND"]
[SourceTitle "CBM 147 Extra"]
[Source "ChessBase"]
[SourceDate "2012.04.24"]
[SourceVersion "1"]
[SourceVersionDate "2012.04.24"]
[SourceQuality "1"]
[WhiteTeam "Railway Sports"]
[BlackTeam "Tamil Nadu State"]
[WhiteTeamCountry "IND"]
[BlackTeamCountry "IND"]

1. Nf3 Nf6 2. c4 e6 3. Nc3 d5 4. d4 Bb4 5. cxd5 exd5 6. Bg5 Nbd7 7. Qc2 c5 8. dxc5 h6 9. Bd2 Bxc5 10. e3 0-0 11. Be2 a6 12. Qd3 Nb8 13. Rc1 Ba7 14. 0-0 Nc6 15. Rfd1 Be6 16. Na4 Ne4 17. Be1 Rc8 18. Qb1 Qe7 19. b4 Rfd8 20. h3 b5 21. Nc3 Ng5 22. Nd4 Nxd4 23. exd4 Nxh3+ 24. gxh3 Qg5+ 25. Bg4 Bxg4 26. hxg4 Qxg4+ 27. Kf1 Qh3+ 28. Ke2 Qg4+ 29. Kf1 Qh3+ 30. Ke2 Qg4+ 1/2-1/2

[Event "Visakhapatnam op"]
[Site "Visakhapatnam"]
[Date "2011.11.26"]
[Round "4"]
[White "Rathnakaran, Kantholi"]
[Black "Maheswaran, Palsamy"]
[Result "1-0"]
[WhiteElo "2403"]
[BlackElo "2292"]
[PlyCount "41"]
[EventDate "2011.11.24"]
[EventType "swiss"]
[EventRounds "11"]
[EventCountry "IND"]
[SourceTitle "CBM 145 Extra"]
[Source "ChessBase"]
[SourceDate "2012.01.03"]
[SourceVersion "1"]
[SourceVersionDate "2012.01.03"]
[SourceQuality "1"]

1. e4 e5 2. Nf3 Nf6 3. Nc3 Nc6 4. a3 Be7 5. d4 exd4 6. Nxd4 Nxd4 7. Qxd4 d6 8. Be3 0-0 9. 0-0-0 Ng4 10. Nd5 Nxe3 11. Qxe3 Be6 12. Nxe7+ Qxe7 13. h4 Rfe8 14. h5 h6 15. Bd3 a6 16. g4 b5 17. Rdg1 b4 18. axb4 a5 19. g5 hxg5 20. Rxg5 axb4 21. Rxg7+ 1-0